书目信息 |
| 题名: |
独醒杂志
|
|
| 作者: | 曾敏行 著 | |
| 分册: | ||
| 出版信息: | 上海 上海古籍出版社 1986 |
|
| 页数: | 116页 | |
| 开本: | 19cm | |
| 丛书名: | 宋元笔记丛书 | |
| 单 册: | ||
| 中图分类: | I264.4 , I242.1 | |
| 科图分类: | ||
| 主题词: | 杂文--中国--两宋时代--选集 , 小说--中国 | |
| 电子资源: | ||
| ISBN: | ||
| 000 | 00762nam2 2200289 45 | |
| 001 | 0186014508 | |
| 005 | 20040420111856.8 | |
| 010 | @dCNY0.71 | |
| 091 | @a10186.645 | |
| 100 | @a19940813d1986 em y0chiy0121 ea | |
| 101 | 0 | @achi |
| 102 | @aCN@b310000 | |
| 105 | @ay z 000cy | |
| 106 | @ar | |
| 200 | 10 | @a独醒杂志@Adu xing za zhi@f(宋)曾敏行著 |
| 210 | @a上海@c上海古籍出版社@d1986 | |
| 215 | @a116页@d19cm | |
| 225 | 2 | @a宋元笔记丛书 |
| 410 | 0 | @120010@a宋元笔记丛书 |
| 606 | @a杂文@y中国@z两宋时代@x选集 | |
| 606 | 0 | @a小说@x中国 |
| 690 | @aI264.4@v3 | |
| 690 | @aI242.1 | |
| 701 | 0 | @a曾敏行@Azeng min xing@f宋@4著 |
| 801 | 0 | @aCN@b深圳图书馆@c20040420 |
| 801 | 2 | @aCN@bNLC@c20040420 |
| 905 | @f2@b162018-019@dI242.1@e45:2@b162020@f1 | |
| 独醒杂志/(宋)曾敏行著.-上海:上海古籍出版社,1986 |
| 116页;19cm.-(宋元笔记丛书) |
| ISBN :CNY0.71 |
| ● |
| 相关链接 |
|
|
|
|
正题名:独醒杂志
索取号:I242.1/45:2
 
预约/预借
| 序号 | 登录号 | 条形码 | 馆藏地/架位号 | 状态 | 备注 |
| 1 | 0162018 | 000178596 | 密集书库/ [索取号:I242.1/45:2] | 在馆 | |
| 2 | 0162019 | 000178587 | 第二借阅区/ [索取号:I242.1/45:2] | 在馆 | |
| 3 | 0162020 | 000178694 | 第一样本阅览室/ [索取号:I242.1/45:2] | 在馆 |